| 000 | 01471nam a2200313Ia 4500 | ||
|---|---|---|---|
| 005 | 20220316235319.0 | ||
| 008 | 121119s2003 ck a gr 000 j spa | ||
| 020 | _a958042540X | ||
| 041 | 1 | _aspa | |
| 100 | 1 | _aSharmat, Marjorie Weinman, | |
| 245 | 1 | 0 |
_aYo, el gran Fercho y el ladrón _cMarjorie Weinman Sharmat ; traducción de Cristina Aparicio ; ilustraciones de Marc Simont |
| 250 | _aNovena reimpresión | ||
| 264 | 1 |
_aBogotá _bNorma _c2003 |
|
| 300 |
_a55 páginas _bilustraciones _c19 cm. |
||
| 336 |
_atexto _btxt _2rdacontent |
||
| 337 |
_asin mediación _bn _2rdamedia |
||
| 338 |
_avolumen _bnc _2rdacarrier |
||
| 490 | 0 | _aTorre de papel : naranja | |
| 520 | 3 | _aNate el grande, un detective que le gustan los pancakes, resuelve su primer caso nocturno. Hay un ladrón en el barrio y que está robando la basura de su vecino Oliverio. Nate the Great pasa algunas noches fuera de su casa, durmiendo en casa de perro a su perro de barro y en la basura para encontrar quién es el ladrón. Ven con Nate el grande en esta divertida aventura para resolver el misterioso caso | |
| 650 | 1 | 4 |
_2LEMB _aLiteratura infantil |
| 650 | 1 | 4 |
_2LEMB _aCuentos estadounidenses _ySiglo XX |
| 650 | 1 | 4 |
_2LEMB _aLiteratura estadounidense _ySiglo XX |
| 650 | 1 | 4 |
_2LEMB _aDetectives _vCuentos |
| 700 | 1 |
_aSimont, Marc _eilustrador _916522 |
|
| 700 | 1 |
_aAparicio, Cristina _etraductor _9117609 |
|
| 942 |
_2loc _cBKLIT |
||
| 040 |
_aCO-BoRNBP _bspa _erda _cCO-BoRNBP |
||
| 084 | _aC SHA3 | ||
| 999 |
_c575 _d575 |
||